[Event "Cannes op"]
[Site "Cannes"]
[Date "1996.??.??"]
[Round "3"]
[White "Hebert, Jean"]
[Black "Medak, Damir"]
[Result "1-0"]
[WhiteElo "2435"]
[BlackElo "2335"]
[PlyCount "45"]
[EventDate "1996.02.??"]
[EventType "swiss"]
[EventRounds "9"]
[EventCountry "FRA"]
[SourceTitle "CBM 051 Extra"]
[Source "ChessBase"]
[SourceDate "1996.05.01"]
[SourceVersion "1"]
[SourceVersionDate "1996.05.01"]
[SourceQuality "1"]

1. d4 Nf6 2. c4 e6 3. Nc3 d5 4. Bg5 Be7 5. cxd5 exd5 6. e3 0-0 7. Bd3 c6 8. Qc2 Nbd7 9. Nf3 Re8 10. h3 Nf8 11. 0-0-0 Be6 12. Kb1 Rc8 13. Rc1 b5 14. Ne5 a6 15. Ne2 c5 16. dxc5 Rxc5 17. Qd2 Rxc1+ 18. Qxc1 d4 19. Nxd4 Bxa2+ 20. Kxa2 Qd5+ 21. Kb1 Qxe5 22. Nf3 Ne4 23. Qc2 1-0

[Event "CRO-chT"]
[Site "Pula"]
[Date "1993.??.??"]
[Round "3"]
[White "Kosanski, Stanko"]
[Black "Medak, Damir"]
[Result "0-1"]
[WhiteElo "2415"]
[BlackElo "2330"]
[PlyCount "184"]
[EventDate "1993.??.??"]
[EventType "team-tourn"]
[EventRounds "9"]
[EventCountry "CRO"]
[SourceTitle "EXT 1999"]
[Source "ChessBase"]
[SourceDate "1998.11.16"]
[SourceVersion "1"]
[SourceVersionDate "1998.11.16"]
[SourceQuality "1"]

1. e4 e6 2. d4 d5 3. e5 c5 4. c3 Nc6 5. Nf3 Qb6 6. Be2 cxd4 7. cxd4 Nh6 8. b3 Nf5 9. Bb2 Bb4+ 10. Kf1 0-0 11. g4 Nh6 12. h3 f6 13. exf6 Rxf6 14. g5 Rxf3 15. Bxf3 Nf5 16. Nc3 Ncxd4 17. Bg4 Bd7 18. Na4 Qb5+ 19. Kg1 e5 20. h4 Rf8 21. Rc1 Be6 22. Rh3 Bd6 23. Bxd4 exd4 24. Qd3 Qd7 25. Nc5 Bxc5 26. Rxc5 Qd6 27. Rb5 b6 28. Qd2 Bd7 29. Rb4 a5 30. Ra4 Bxa4 31. bxa4 Qe5 32. h5 Nd6 33. Rf3 Rxf3 34. Bxf3 Ne4 35. Bxe4 dxe4 36. Qc1 Qe6 37. Qf4 Qe8 38. Qd6 e3 39. Qd5+ Kh8 40. fxe3 dxe3 41. h6 e2 42. hxg7+ Kxg7 43. Qd4+ Kg6 44. Qd3+ Kh5 45. Qh3+ Kxg5 46. Qg3+ Kh6 47. Qf4+ Kg7 48. Qd4+ Kf7 49. Qf4+ Kg8 50. Qc4+ Kf8 51. Qf4+ Qf7 52. Qb8+ Qe8 53. Qf4+ Ke7 54. Qe5+ Kf8 55. Qf4+ Qf7 56. Qb8+ Kg7 57. Qe5+ Qf6 58. Qxe2 Qd4+ 59. Kg2 Kf6 60. Qf3+ Kg5 61. Qb3 Kf5 62. Qf7+ Ke5 63. Qe7+ Kd5 64. Qf7+ Kc5 65. Qxh7 Qb2+ 66. Kg3 Qa3+ 67. Kf4 Qxa4+ 68. Kg5 Qb5 69. Qe7+ Kc4+ 70. Kf4 Qb4 71. Qe6+ Kb5+ 72. Kf3 Ka4 73. Ke2 b5 74. Kd3 Ka3 75. Qg8 Qb1+ 76. Kd4 Qxa2 77. Qf8+ b4 78. Kd3 Qd5+ 79. Kc2 a4 80. Kc1 Kb3 81. Qf2 Qc4+ 82. Kb1 Qe4+ 83. Kc1 a3 84. Qg3+ Ka4 85. Qf2 Qh1+ 86. Kd2 Qb1 87. Qa7+ Kb3 88. Qf7+ Kb2 89. Qc4 Ka1 90. Qc5 Qb2+ 91. Kd1 b3 92. Qf5 Qb1+ 0-1

[Event "CRO-chT"]
[Site "Pula"]
[Date "1993.??.??"]
[Round "5"]
[White "Kovacevic, Vladimir"]
[Black "Medak, Damir"]
[Result "1-0"]
[WhiteElo "2265"]
[BlackElo "2330"]
[PlyCount "91"]
[EventDate "1993.??.??"]
[EventType "team-tourn"]
[EventRounds "9"]
[EventCountry "CRO"]
[SourceTitle "EXT 1999"]
[Source "ChessBase"]
[SourceDate "1998.11.16"]
[SourceVersion "1"]
[SourceVersionDate "1998.11.16"]
[SourceQuality "1"]

1. d4 d5 2. Nf3 Nf6 3. e3 g6 4. Be2 Bg7 5. 0-0 0-0 6. Nbd2 b6 7. Ne5 Nfd7 8. f4 Bb7 9. c3 f6 10. Nd3 e5 11. f5 c5 12. dxc5 Nxc5 13. Nxc5 bxc5 14. e4 Nc6 15. fxg6 hxg6 16. exd5 Ne7 17. c4 Nf5 18. Bg4 Nd4 19. Nb3 f5 20. Bh3 Rc8 21. Bd2 Qh4 22. Rc1 g5 23. Be1 Qh7 24. Nxd4 cxd4 25. Qb3 Bxd5 26. Bb4 Be6 27. Bxf8 Bxf8 28. Qg3 g4 29. Qxe5 Qg6 30. Bxg4 Rc5 31. Bh5 Qh6 32. Qg3+ Kh7 33. Be2 Bg7 34. Bd3 Be5 35. Qh3 Qxh3 36. gxh3 a5 37. b3 Bf6 38. a3 Bg5 39. Rce1 Be3+ 40. Rxe3 dxe3 41. Rf3 Re5 42. Kf1 Kg7 43. Ke2 f4 44. Rxf4 Bxh3 45. Be4 Be6 46. Kxe3 1-0

[Event "CRO-chT"]
[Site "Pula"]
[Date "1993.??.??"]
[Round "8"]
[White "Medak, Damir"]
[Black "Orak, Ljubomir"]
[Result "1/2-1/2"]
[WhiteElo "2330"]
[BlackElo "2205"]
[PlyCount "90"]
[EventDate "1993.??.??"]
[EventType "team-tourn"]
[EventRounds "9"]
[EventCountry "CRO"]
[SourceTitle "EXT 1999"]
[Source "ChessBase"]
[SourceDate "1998.11.16"]
[SourceVersion "1"]
[SourceVersionDate "1998.11.16"]
[SourceQuality "1"]

1. e4 c5 2. Nf3 d6 3. c3 Nf6 4. h3 Nc6 5. Bd3 g6 6. 0-0 Bg7 7. Bc2 0-0 8. d4 cxd4 9. cxd4 d5 10. e5 Ne4 11. Re1 Bf5 12. g4 Be6 13. Nbd2 Nxd2 14. Bxd2 Qb6 15. Bc3 Bh6 16. g5 Bg7 17. Kg2 Qc7 18. Nh4 b5 19. Qd3 b4 20. Bd2 Nxd4 21. Qxd4 Qxc2 22. Bxb4 Rfc8 23. b3 Qc7 24. Re3 a5 25. Bc3 Ra6 26. Nf3 Rc6 27. Bb2 Qd7 28. Nh2 Rc2 29. Ng4 Bf5 30. e6 Bxd4 31. exd7 Bxe3 32. dxc8Q+ Bxc8 33. Nxe3 Rxb2 34. Rc1 Be6 35. Rc2 Rxc2 36. Nxc2 Bf5 37. Nd4 Bb1 38. a3 Kf8 39. Nc6 Bc2 40. Nxa5 d4 41. Kf1 Ke8 42. Nc6 Bxb3 43. Nxd4 Ba4 44. Ke2 Kd7 45. Kd3 e5 1/2-1/2

[Event "CRO-Cup"]
[Site "Pula"]
[Date "1992.??.??"]
[Round "3"]
[White "Medak, Damir"]
[Black "Orak, Ljubomir"]
[Result "0-1"]
[WhiteElo "2335"]
[BlackElo "2205"]
[PlyCount "88"]
[EventDate "1992.??.??"]
[EventType "swiss"]
[EventRounds "5"]
[EventCountry "CRO"]
[SourceTitle "EXT 2002"]
[Source "ChessBase"]
[SourceDate "2001.11.25"]
[SourceVersion "1"]
[SourceVersionDate "2001.11.25"]
[SourceQuality "1"]

1. e4 c5 2. Nf3 d6 3. c3 Nf6 4. h3 Nc6 5. Bd3 d5 6. e5 Nd7 7. e6 fxe6 8. Ng5 Nf6 9. Bxh7 Nxh7 10. Qh5+ Kd7 11. Nxh7 b6 12. 0-0 Ba6 13. Re1 Bd3 14. Nf6+ gxf6 15. Qxh8 e5 16. Re3 e4 17. f4 e6 18. Rxd3 exd3 19. Qh7+ Be7 20. Qxd3 c4 21. Qf3 Qh8 22. d4 cxd3 23. Qxd3 Qh4 24. Kh2 Qe1 25. Nd2 Rg8 26. b4 f5 27. Nf1 Qf2 28. Qf3 Qxf3 29. gxf3 Bf6 30. b5 Na5 31. Bd2 Rc8 32. Kg3 Nc4 33. a4 Nxd2 34. Nxd2 Bxc3 35. Rd1 Kd6 36. h4 Kc5 37. Nb1 Rg8+ 38. Kh3 Bf6 39. Nd2 Rh8 40. Rc1+ Kb4 41. Rc6 Bxh4 42. Nb1 Bf6+ 43. Kg2 Re8 44. Rc7 Re7 0-1

[Event "CRO-Cup"]
[Site "Pula"]
[Date "1992.??.??"]
[Round "4"]
[White "Medak, Damir"]
[Black "Rade, Miroslav"]
[Result "0-1"]
[WhiteElo "2335"]
[BlackElo "2240"]
[PlyCount "72"]
[EventDate "1992.??.??"]
[EventType "swiss"]
[EventRounds "5"]
[EventCountry "CRO"]
[SourceTitle "EXT 2002"]
[Source "ChessBase"]
[SourceDate "2001.11.25"]
[SourceVersion "1"]
[SourceVersionDate "2001.11.25"]
[SourceQuality "1"]

1. e4 e5 2. Nf3 Nf6 3. d4 Nxe4 4. Bd3 d5 5. Nxe5 Nd7 6. Qe2 Nxe5 7. Bxe4 dxe4 8. Qxe4 Be6 9. dxe5 Bd5 10. Qg4 h5 11. Qh3 Qe7 12. f4 Qe6 13. Qxe6+ fxe6 14. Kf2 g5 15. Nc3 Bc5+ 16. Be3 Bxe3+ 17. Kxe3 gxf4+ 18. Kxf4 Rf8+ 19. Ke3 0-0-0 20. Nxd5 Rxd5 21. Rae1 Rxe5+ 22. Kd3 Rd5+ 23. Ke3 Re5+ 24. Kd3 Rd8+ 25. Kc3 Rc5+ 26. Kb3 Rd2 27. c4 Rc6 28. Rd1 Rxg2 29. Rhf1 b6 30. Rf8+ Kb7 31. Re8 Rxh2 32. Rd4 Rh3+ 33. Kb4 Rc5 34. b3 Ra5 35. Re7 Rxa2 36. Rdd7 a5+ 0-1